Approaches to the Development of EV Infrastructure Depending on the Prediction of the Development of Electric Mobility in the EU
Aktuálne metodiky rozvoja nabíjacej infraštruktúry pre elektromobily. Predpoklady rozvoja nabíjacej infraštruktúry z hľadiska jej dlhodobej udržateľnosti. Perspektívy elektromobility v rámci Európskej únie.
Enregistré dans:
| Auteur principal: | |
|---|---|
| Format: | Chapitre de livre |
| Langue: | anglais |
| Sujets: | |
| Tags: |
Pas de tags, Soyez le premier à ajouter un tag!
|
MARC
| LEADER | 00000naa a2200000 4500 | ||
|---|---|---|---|
| 001 | 0286352 | ||
| 005 | 20240502074415.7 | ||
| 041 | 0 | |a eng | |
| 044 | |a SK | ||
| 245 | 1 | 0 | |a Approaches to the Development of EV Infrastructure Depending on the Prediction of the Development of Electric Mobility in the EU |c Rastislav Lauko |
| 520 | |a Aktuálne metodiky rozvoja nabíjacej infraštruktúry pre elektromobily. Predpoklady rozvoja nabíjacej infraštruktúry z hľadiska jej dlhodobej udržateľnosti. Perspektívy elektromobility v rámci Európskej únie. | ||
| 610 | 2 | 0 | |a elektromobily |
| 610 | 2 | 0 | |a modely obchodné |
| 610 | 2 | 0 | |a Európska únia |
| 100 | 1 | |a Lauko, Rastislav, 1979- | |